GUESS THAT CONAN GRAY SONG!! (vol. 5) - Statistics

General Stats
  • This quiz has been taken 58 times
  • The average score is 94 of 194
Answer Stats
Answer % Correct
you
98%
You
98%
a
95%
I
95%
me
82%
we
82%
the
80%
love
77%
your
75%
be
70%
and
64%
my
64%
in
61%
it
59%
that
57%
who
57%
why
57%
you're
57%
You're
57%
to
55%
this
52%
are
50%
could
48%
I'm
48%
of
48%
am
45%
At
45%
But
45%
all
43%
as
41%
should
39%
now
34%
still
34%
Still
34%
does
30%
even
30%
Though
30%
though
30%
time
30%
Well
30%
wouldn't
30%
did
27%
lifetime
27%
probably
27%
thing
27%
think
27%
with
27%
cry
25%
get
25%
gonna
25%
memories
25%
take
25%
wonder
25%
ain't
23%
Also
23%
argue
23%
better
23%
change
23%
forever
23%
guess
23%
learned
23%
least
23%
reason
23%
sing
23%
sorry
23%
survived
23%
after
20%
bittersweet
20%
heart
20%
it'll
20%
pain
20%
somehow
20%
wrong
20%
bloodshed
18%
Lonely
18%
same
18%
smiling
18%
blame?
16%
broke
16%
nights
16%
Anger
14%
replace
11%
No matching quizzes found
Score Distribution
Percent of People with Each Score
Percentile by Number Answered
Your Score History
You have not taken this quiz